[Event "The World Rapid Team Championship"]
[Site "Duesseldorf GER"]
[Date "2023.08.26"]
[Round "1.2"]
[White "Arjun Erigaisi"]
[Black "Collin Colbow"]
[Result "1-0"]
[EventDate "2023.08.26"]
[WhiteElo "2704"]
[BlackElo "2409"]
[PlyCount "116"]

1. b3 d5 2. Bb2 Bf5 3. Nf3 Nf6 4. e3 e6 5. Nh4 Bg4 6. Be2 Bxe2 7. Qxe2 c6 8. f4 Nbd7 9. O-O Bd6 10. d3 O-O 11. Nd2 e5 12. Nf5 Bc7 13. fxe5 Bxe5 14. d4 Bc7 15. e4 dxe4 16. Nxe4 Re8 17. Nxf6+ Nxf6 18. Qd3 Nd5 19. Qf3 Qg5 20. Bc1 Qg6 21. c4 Ne7 22. Nh4 Qe6 23. Bg5 Ng6 24. Nf5 Bb6 25. c5 Bc7 26. h4 f6 27. Nxg7 Kxg7 28. Rae1 Qf7 29. Rxe8 Rxe8 30. h5 Ne7 31. Bxf6+ Kg8 32. Qg4+ Ng6 33. Be5 Qe6 34. Qxe6+ Rxe6 35. Bxc7 Ne7 36. Bd6 Kg7 37. Be5+ Kh6 38. g4 Kg5 39. Rf7 Kxg4 40. Rxh7 b6 41. b4 bxc5 42. bxc5 a5 43. Kf2 Nd5 44. Ra7 Nb4 45. Rxa5 Nd3+ 46. Ke3 Nxe5 47. dxe5 Rxe5+ 48. Kd4 Rxh5 49. Ra6 Rh6 50. Ke5 Kf3 51. Ra3+ Kg4 52. Re3 Rg6 53. a4 Rh6 54. a5 Rh8 55. Kd6 Ra8 56. Ra3 Ra6 57. Kc7 Kf5 58. Kb7 1-0

[Event "The World Rapid Team Championship"]
[Site "Duesseldorf GER"]
[Date "2023.08.26"]
[Round "2.2"]
[White "Arjun Erigaisi"]
[Black "Felix Levin"]
[Result "1-0"]
[EventDate "2023.08.26"]
[WhiteElo "2704"]
[BlackElo "2459"]
[PlyCount "120"]

1. c4 e6 2. Nc3 d5 3. d4 Nf6 4. Nf3 Nbd7 5. Qc2 c5 6. cxd5 exd5 7. Bf4 Be7 8. e3 O-O 9. a3 a6 10. Be2 b6 11. O-O Bb7 12. dxc5 bxc5 13. Rfd1 h6 14. Ne5 Nb6 15. Nc4 Nxc4 16. Bxc4 Qd7 17. Be5 Qe6 18. Bxf6 dxc4 19. Bxe7 Qxe7 20. Ne2 Qe4 21. Qxe4 Bxe4 22. f3 Bd3 23. Kf2 Rab8 24. Rd2 Rb6 25. Nc3 Rfb8 26. Na4 Rc6 27. e4 g5 28. Rc1 Rb3 29. Rc3 Rxc3 30. bxc3 Kg7 31. Ke3 Kf6 32. Nb2 Ke6 33. Nxd3 cxd3 34. Kxd3 c4+ 35. Kc2 f5 36. exf5+ Kxf5 37. Rd5+ Ke6 38. Rd4 Kf5 39. a4 h5 40. Rd5+ Kg6 41. Kd2 Rb6 42. Ke3 Rb2 43. Rd2 Rb6 44. a5 Re6+ 45. Kf2 g4 46. fxg4 hxg4 47. Kg3 Re5 48. Kxg4 Rg5+ 49. Kf4 Rxa5 50. Rd6+ Kf7 51. Rc6 Ra2 52. Kf3 a5 53. h4 a4 54. Rxc4 a3 55. Ra4 Ra1 56. Kg4 Rg1 57. Kg3 Ra1 58. Ra6 Kg7 59. c4 a2 60. Kg4 1-0

[Event "The World Rapid Team Championship"]
[Site "Duesseldorf GER"]
[Date "2023.08.26"]
[Round "4.1"]
[White "Santosh Gujrathi Vidit"]
[Black "Arjun Erigaisi"]
[Result "1/2-1/2"]
[EventDate "2023.08.26"]
[WhiteElo "2723"]
[BlackElo "2704"]
[PlyCount "64"]

1. d4 Nf6 2. c4 e6 3. Nf3 d5 4. Nc3 c6 5. e3 Nbd7 6. Be2 Bd6 7. O-O O-O 8. b3 e5 9. dxe5 Nxe5 10. cxd5 Nxf3+ 11. Bxf3 Be5 12. Bb2 Nxd5 13. Bxd5 cxd5 14. h3 Re8 15. Rc1 Bf5 16. Qd2 d4 17. exd4 Qxd4 18. Qxd4 Bxd4 19. Rfd1 Rad8 20. Na4 Bxb2 21. Nxb2 Kf8 22. Nc4 Rxd1+ 23. Rxd1 Re2 24. Nd6 Be6 25. Nxb7 Rxa2 26. Nc5 Ke7 27. b4 h5 28. Nxe6 fxe6 29. b5 Rc2 30. Ra1 Rc7 31. Ra6 Rb7 32. Kf1 Rxb5 1/2-1/2

[Event "FIDE World Cup 2023"]
[Site "Baku AZE"]
[Date "2023.08.17"]
[Round "6.3"]
[White "Arjun Erigaisi"]
[Black "R Praggnanandhaa"]
[Result "1/2-1/2"]
[EventDate "2021.07.30"]
[WhiteElo "2710"]
[BlackElo "2690"]
[PlyCount "72"]

1. d4 Nf6 2. c4 e6 3. Nc3 Bb4 4. Qc2 O-O 5. Nf3 d5 6. a3 Bxc3+ 7. Qxc3 dxc4 8. Qxc4 b6 9. Bg5 Ba6 10. Qc1 h6 11. Bh4 Bb7 12. e3 Nbd7 13. Be2 c5 14. O-O Rc8 15. Qe1 g5 16. Bg3 Ne4 17. Rd1 Nxg3 18. hxg3 Qf6 19. Bb5 Rc7 20. Bxd7 Bxf3 21. gxf3 Rxd7 22. dxc5 Rxd1 23. Qxd1 bxc5 24. Qc2 Rb8 25. Qxc5 Rxb2 26. Kg2 a6 27. Rd1 Kg7 28. Rd4 Ra2 29. Ra4 Qb2 30. Qd4+ Qxd4 31. exd4 Ra1 32. Rxa6 Rd1 33. Ra4 Rd3 34. g4 Kg6 35. Kg3 h5 36. gxh5+ 1/2-1/2

[Event "FIDE World Cup 2023"]
[Site "Baku AZE"]
[Date "2023.08.17"]
[Round "6.4"]
[White "R Praggnanandhaa"]
[Black "Arjun Erigaisi"]
[Result "1/2-1/2"]
[EventDate "2023.07.30"]
[WhiteElo "2690"]
[BlackElo "2710"]
[PlyCount "64"]

1. c4 e6 2. Nc3 d5 3. d4 c6 4. cxd5 exd5 5. Bf4 Ne7 6. e3 Ng6 7. Bg3 Nh4 8. Nf3 Nf5 9. Qb3 a5 10. Bd3 Nxg3 11. hxg3 g6 12. e4 Bg7 13. exd5 O-O 14. O-O cxd5 15. Qxd5 Nc6 16. Rad1 Bg4 17. Be4 Bxf3 18. gxf3 Nxd4 19. Qxd8 Raxd8 20. Rd3 Ne6 21. Rxd8 Rxd8 22. Bxb7 Nc5 23. Bc6 Rd6 24. Bb5 Rd2 25. Re1 Rxb2 26. Re8+ Bf8 27. Re2 Rxe2 28. Bxe2 f5 29. Bc4+ Kg7 30. f4 Nd7 31. Nd5 Bc5 32. Kg2 Nb6 1/2-1/2

[Event "FIDE World Cup 2023"]
[Site "Baku AZE"]
[Date "2023.08.17"]
[Round "6.5"]
[White "Arjun Erigaisi"]
[Black "R Praggnanandhaa"]
[Result "0-1"]
[EventDate "2023.07.30"]
[WhiteElo "2710"]
[BlackElo "2690"]
[PlyCount "156"]

1. e4 e5 2. d4 exd4 3. Qxd4 Nc6 4. Qe3 Nf6 5. Bd2 Be7 6. c4 Ng4 7. Qe2 d6 8. Nc3 Bh4 9. g3 Bf6 10. h3 Nge5 11. O-O-O Nd4 12. Qe3 c5 13. Nd5 Be6 14. f4 Nec6 15. Bc3 O-O 16. Nxf6+ Qxf6 17. Nf3 Qe7 18. Bxd4 cxd4 19. Nxd4 Nxd4 20. Qxd4 b5 21. Kb1 Bxc4 22. Bxc4 bxc4 23. Qxc4 a5 24. Rh2 a4 25. a3 Rfc8 26. Qd3 h6 27. Rc2 Rxc2 28. Qxc2 Qe6 29. g4 Qf6 30. f5 Rb8 31. Ka2 Rb5 32. Rd2 Rb3 33. Rd3 Rb6 34. Rc3 Qd4 35. Qd3 Qe5 36. Qc4 Qh2 37. Rc2 Qxh3 38. Qxa4 Rb8 39. Rc7 Qxg4 40. Qc4 Rf8 41. a4 h5 42. a5 h4 43. a6 d5 44. Qxd5 Qe2 45. Qc4 Qxc4+ 46. Rxc4 Ra8 47. b4 Rxa6+ 48. Kb3 h3 49. b5 Rh6 50. Rc8+ Kh7 51. Rc1 g5 52. fxg6+ fxg6 53. b6 g5 54. Rc7+ Kg8 55. Rc8+ Kf7 56. Rc7+ Ke8 57. b7 Rb6+ 58. Kc4 g4 59. Rh7 Rxb7 60. Rxb7 h2 61. Rh7 g3 62. Kd5 g2 63. Rxh2 g1=Q 64. Rb2 Qg8+ 65. Kc5 Qg5+ 66. Kc4 Qc1+ 67. Kb3 Qe3+ 68. Kc4 Qxe4+ 69. Kc3 Kd7 70. Rb4 Qe1+ 71. Kb3 Kc6 72. Rd4 Kc5 73. Rd8 Qg3+ 74. Kc2 Qg6+ 75. Kd1 Kc4 76. Rc8+ Kd3 77. Kc1 Qg4 78. Rc2 Qa4 0-1

[Event "FIDE World Cup 2023"]
[Site "Baku AZE"]
[Date "2023.08.17"]
[Round "6.6"]
[White "R Praggnanandhaa"]
[Black "Arjun Erigaisi"]
[Result "0-1"]
[EventDate "2023.07.30"]
[WhiteElo "2690"]
[BlackElo "2710"]
[PlyCount "56"]

1. d4 Nf6 2. c4 e6 3. Nf3 d5 4. Nc3 Nbd7 5. Bf4 Bb4 6. e3 c5 7. Be2 Qa5 8. O-O Bxc3 9. bxc3 Ne4 10. Bd3 Nxc3 11. Qc2 dxc4 12. Bxc4 b5 13. Bd3 c4 14. Be4 Nd5 15. a4 b4 16. Nd2 b3 17. Nxc4 Qb4 18. Qd3 Nxf4 19. exf4 Ba6 20. Qd2 Rb8 21. Qxb4 Rxb4 22. Nd6+ Ke7 23. Nb5 b2 24. Rab1 Bxb5 25. axb5 Rxb5 26. Rfe1 Nf6 27. Bc6 Rb6 28. d5 Kd6 0-1

[Event "FIDE World Cup 2023"]
[Site "Baku AZE"]
[Date "2023.08.17"]
[Round "6.7"]
[White "Arjun Erigaisi"]
[Black "R Praggnanandhaa"]
[Result "0-1"]
[EventDate "2023.07.30"]
[WhiteElo "2710"]
[BlackElo "2690"]
[PlyCount "62"]

1. e4 e5 2. Nf3 Nc6 3. Bc4 Bc5 4. c3 Nf6 5. d3 d6 6. O-O a6 7. Bg5 Ba7 8. a4 h6 9. Bh4 g5 10. Bg3 Ne7 11. d4 Nxe4 12. dxe5 d5 13. Bd3 Bf5 14. Nd4 Qd7 15. Kh1 h5 16. h4 O-O-O 17. Qe2 Bg4 18. Qe1 Nf5 19. Bxe4 dxe4 20. Qxe4 Bxd4 21. cxd4 gxh4 22. e6 Nxg3+ 23. fxg3 Bxe6 24. gxh4 Rhg8 25. Nc3 Qxd4 26. Rf4 Qd2 27. Qf3 Rxg2 28. Ne4 Rh2+ 29. Kg1 Rg8+ 30. Ng5 Bd5 31. Rd1 Rh1+ 0-1

[Event "FIDE World Cup 2023"]
[Site "Baku AZE"]
[Date "2023.08.17"]
[Round "6.8"]
[White "R Praggnanandhaa"]
[Black "Arjun Erigaisi"]
[Result "0-1"]
[EventDate "2023.07.30"]
[WhiteElo "2690"]
[BlackElo "2710"]
[PlyCount "72"]

1. d4 Nf6 2. Nf3 d5 3. c4 e6 4. Nc3 Nbd7 5. cxd5 exd5 6. Bf4 Bb4 7. a3 Bxc3+ 8. bxc3 Ne4 9. Qc2 g5 10. Be5 O-O 11. e3 g4 12. Nd2 Nxe5 13. dxe5 Nc5 14. Bd3 Qg5 15. h3 Qxe5 16. hxg4 Bxg4 17. Bxh7+ Kg7 18. Nf3 Bxf3 19. gxf3 Rh8 20. Ke2 a5 21. Rag1+ Kf8 22. f4 Qf6 23. Rh5 Ne4 24. c4 Qa6 25. Qb2 Nf6 26. Rh6 Rxh7 27. Qxf6 Rxh6 28. Qg7+ Ke7 29. Qg5+ Qf6 30. Qxd5 Rd8 31. Qxb7 Qc6 32. Qb3 Rhd6 33. Qc3 Rd2+ 34. Qxd2 Qxc4+ 35. Ke1 Rxd2 36. Kxd2 Qa2+ 0-1

[Event "FIDE World Cup 2023"]
[Site "Baku AZE"]
[Date "2023.08.17"]
[Round "6.9"]
[White "R Praggnanandhaa"]
[Black "Arjun Erigaisi"]
[Result "1-0"]
[EventDate "2023.07.30"]
[WhiteElo "2690"]
[BlackElo "2710"]
[PlyCount "144"]

1. Nf3 Nf6 2. b3 d5 3. Bb2 Bf5 4. g3 e6 5. Bg2 Be7 6. d3 h6 7. O-O O-O 8. Nbd2 a5 9. a3 Bh7 10. Ne5 Nbd7 11. Nxd7 Qxd7 12. Nf3 c5 13. c4 a4 14. Ne5 Qc7 15. cxd5 exd5 16. bxa4 Qa5 17. Qb3 Qxa4 18. Bxd5 Nxd5 19. Qxd5 Qa6 20. a4 Rad8 21. Qf3 Bf6 22. Nc4 Bxb2 23. Nxb2 Rfe8 24. Nc4 Qe6 25. Ne3 b6 26. Rfc1 Ra8 27. Qf4 Ra5 28. Rcb1 Bg6 29. Rb2 Qc6 30. Rab1 Qxa4 31. Qxa4 Rxa4 32. Rxb6 Kh7 33. R1b2 Ra1+ 34. Kg2 Rc1 35. Rc6 Re5 36. Rc8 Bf5 37. Nxf5 Rxf5 38. f4 Rd5 39. Rc7 Rf5 40. Kf3 h5 41. Rb5 g6 42. e4 Rf6 43. Rbxc5 Rf1+ 44. Kg2 Rd1 45. Rd5 h4 46. Rdd7 Kg8 47. e5 Rf5 48. Kf3 hxg3 49. hxg3 Rf1+ 50. Kg2 Re1 51. Kf3 Rf1+ 52. Ke2 Rg1 53. Kf2 Rd1 54. e6 fxe6 55. Rg7+ Kf8 56. Rxg6 Rf7 57. Rc8+ Ke7 58. Rc6 Rf6 59. Rc7+ Kd6 60. Rxf6 Kxc7 61. Rxe6 Rxd3 62. Re3 Rd2+ 63. Kf3 Kd6 64. f5 Kd7 65. g4 Ra2 66. g5 Kd6 67. Kg4 Ra4+ 68. Kh5 Rf4 69. f6 Rf1 70. Kg6 Kd7 71. f7 Kd6 72. Kg7 Kd5 1-0

[Event "FIDE World Cup 2023"]
[Site "Baku AZE"]
[Date "2023.08.06"]
[Round "3.2"]
[White "Vladimir Fedoseev"]
[Black "Arjun Erigaisi"]
[Result "0-1"]
[EventDate "2021.07.30"]
[WhiteElo "2676"]
[BlackElo "2710"]
[PlyCount "114"]

1. c4 c6 2. d4 d5 3. Nf3 Nf6 4. Qc2 g6 5. Bf4 Bg7 6. e3 O-O 7. Nc3 c5 8. cxd5 cxd4 9. exd4 Nxd5 10. Nxd5 Qxd5 11. Bc4 Qf5 12. Qxf5 Bxf5 13. Bd5 Nc6 14. Bxc6 bxc6 15. Ne5 c5 16. dxc5 Rac8 17. c6 f6 18. Nf3 e5 19. Be3 Rxc6 20. O-O a6 21. Rfc1 Rfc8 22. Rxc6 Rxc6 23. Rc1 Rxc1+ 24. Bxc1 Kf7 25. Be3 Ke6 26. Nd2 Kd5 27. f3 Bd3 28. Kf2 f5 29. b4 Bc2 30. Bc5 Ba4 31. Nf1 Kc4 32. Ne3+ Kd3 33. Nd5 Bh6 34. f4 exf4 35. Nc7 Bb5 36. Bd6 Ke4 37. a4 Bxa4 38. Nxa6 Kd5 39. Bb8 g5 40. Nc7+ Kc6 41. Ne6 Kd5 42. Nc7+ Ke5 43. h4 g4 44. Nb5+ Kf6 45. Nd4 f3 46. gxf3 Bf8 47. Kg3 h5 48. Kf4 Bh6+ 49. Kg3 Bf8 50. Kf4 Bh6+ 51. Kg3 Bd2 52. Bd6 Bc3 53. Bc5 Ke5 54. fxg4 Bxd4 55. gxh5 f4+ 56. Kh2 Bxc5 57. bxc5 0-1

[Event "FIDE World Cup 2023"]
[Site "Baku AZE"]
[Date "2023.08.05"]
[Round "3.1"]
[White "Arjun Erigaisi"]
[Black "Vladimir Fedoseev"]
[Result "1/2-1/2"]
[EventDate "2023.07.30"]
[WhiteElo "2710"]
[BlackElo "2676"]
[PlyCount "132"]

1. e4 e5 2. Nf3 Nf6 3. d4 Nxe4 4. dxe5 d5 5. Nbd2 Qd7 6. Nd4 Qe7 7. N2f3 g6 8. Bd3 Nd7 9. O-O Bg7 10. Re1 Ndc5 11. c4 c6 12. cxd5 cxd5 13. Bxe4 Nxe4 14. Qb3 Be6 15. Nd2 Nc5 16. Qe3 O-O 17. b3 Rfc8 18. a4 Qd7 19. Bb2 Bf5 20. h3 h5 21. Ba3 b6 22. Rad1 Re8 23. N2f3 Be4 24. a5 Rac8 25. axb6 axb6 26. Bb2 f6 27. exf6 Bxf6 28. b4 Bc2 29. Nxc2 Rxe3 30. Nxe3 Bxb2 31. Nxd5 Re8 32. Nxb6 Rxe1+ 33. Rxe1 Qb5 34. bxc5 Qxc5 35. Na4 Qb4 36. Nxb2 Qxb2 37. h4 Qb4 38. g3 Qc3 39. Re8+ Kg7 40. Ng5 Qc1+ 41. Kg2 Qc6+ 42. Re4 Qd5 43. Kh2 Qa2 44. Nh3 Qc2 45. Re1 Qd2 46. Ra1 Qb2 47. Rf1 Qe2 48. Kg1 Qg4 49. Ng5 Qb4 50. Rd1 Qa4 51. Rc1 Qa2 52. Nh3 Qd2 53. Rc7+ Kh6 54. Rf7 Qd5 55. Rf4 Qd1+ 56. Kh2 Kg7 57. Ng5 Qd6 58. Rf7+ Kg8 59. Ra7 Qb6 60. Ra2 Kg7 61. Re2 Kh6 62. Nh3 Qa7 63. Re5 Qd4 64. Rg5 Kh7 65. Kg1 Qa1+ 66. Kg2 Qa8+ 1/2-1/2

[Event "FIDE World Cup 2023"]
[Site "Baku AZE"]
[Date "2023.08.04"]
[Round "2.3"]
[White "Arjun Erigaisi"]
[Black "Sergei Azarov"]
[Result "1/2-1/2"]
[EventDate "2023.07.30"]
[WhiteElo "2710"]
[BlackElo "2589"]
[PlyCount "98"]

1. d4 Nf6 2. Bg5 Ne4 3. Bf4 d5 4. f3 Nf6 5. Nc3 a6 6. e4 e6 7. Nge2 c5 8. Qd2 Nc6 9. O-O-O dxe4 10. fxe4 cxd4 11. Nxd4 Qxd4 12. Qxd4 Nxd4 13. Rxd4 Bc5 14. Rd2 Bd7 15. Be2 Bc6 16. Bf3 Bb4 17. Rd3 O-O 18. e5 Bxc3 19. Rxc3 Nd5 20. Rc4 Nxf4 21. Bxc6 Rac8 22. Rxf4 Rxc6 23. Rd1 Rc5 24. Re4 Rfc8 25. c3 g5 26. Rd7 b5 27. Kd2 Kg7 28. Ke3 h5 29. h3 Kg6 30. Kf3 h4 31. Ra7 R8c6 32. g4 hxg3 33. Kxg3 Rd5 34. Re3 Rcc5 35. Rf3 Rxe5 36. Raxf7 Rf5 37. Ra7 Rc6 38. Rd3 Kf6 39. Rd8 b4 40. cxb4 Rc2 41. Rxa6 Rxb2 42. Rf8+ Ke5 43. Re8 Rf6 44. Ra5+ Ke4 45. Rxg5 Rxa2 46. Rg4+ Ke5 47. Rg5+ Ke4 48. Rg4+ Ke5 49. Rg5+ Ke4 1/2-1/2

[Event "FIDE World Cup 2023"]
[Site "Baku AZE"]
[Date "2023.08.04"]
[Round "2.4"]
[White "Sergei Azarov"]
[Black "Arjun Erigaisi"]
[Result "1/2-1/2"]
[EventDate "2021.07.30"]
[WhiteElo "2589"]
[BlackElo "2710"]
[PlyCount "108"]

1. e4 e6 2. d4 d5 3. Nd2 c5 4. exd5 Qxd5 5. Ngf3 cxd4 6. Bc4 Qd6 7. O-O Nf6 8. Nb3 Nc6 9. Nbxd4 Nxd4 10. Nxd4 a6 11. Bb3 Qc7 12. Re1 Bd6 13. h3 Bh2+ 14. Kh1 Bf4 15. Qf3 Bxc1 16. Raxc1 O-O 17. Rcd1 Bd7 18. Kg1 Rad8 19. c3 Bc8 20. Qe3 b6 21. Nf3 Bb7 22. Ne5 Nd5 23. Qg3 Rfe8 24. f4 b5 25. Kh2 Ne7 26. Qg4 Bd5 27. Qh5 Rf8 28. Bc2 g6 29. Qh4 f6 30. Nd3 Bxa2 31. Nb4 Rxd1 32. Rxd1 Bc4 33. Nxa6 Qa7 34. Nb4 Nd5 35. Nxd5 Bxd5 36. Qg3 Kh8 37. Rd4 Qc5 38. Bd3 Rg8 39. Be2 g5 40. Bf3 Bxf3 41. Qxf3 Qf5 42. fxg5 Qe5+ 43. Kg1 Qxg5 44. Rd7 f5 45. Qe2 Qf4 46. Rd4 Qg3 47. Rd3 Qf4 48. Re3 Rg6 49. Rxe6 Rxe6 50. Qxe6 Qc1+ 51. Kh2 Qf4+ 52. Kg1 Qc1+ 53. Kh2 Qf4+ 54. Kg1 1/2-1/2

[Event "FIDE World Cup 2023"]
[Site "Baku AZE"]
[Date "2023.08.04"]
[Round "2.5"]
[White "Sergei Azarov"]
[Black "Arjun Erigaisi"]
[Result "1/2-1/2"]
[EventDate "2023.07.30"]
[WhiteElo "2589"]
[BlackElo "2710"]
[PlyCount "96"]

1. e4 e6 2. d4 d5 3. Nd2 Nf6 4. e5 Nfd7 5. Bd3 c5 6. c3 Nc6 7. Ne2 cxd4 8. cxd4 f6 9. exf6 Nxf6 10. Nf3 Bd6 11. O-O O-O 12. Bf4 Bxf4 13. Nxf4 Ng4 14. h3 e5 15. Nxd5 Qxd5 16. hxg4 Bxg4 17. Qc2 Kh8 18. Be4 Nxd4 19. Bxd5 Nxc2 20. Rac1 Bxf3 21. Bxf3 Nd4 22. Rc7 Nxf3+ 23. gxf3 Rxf3 24. Re1 Raf8 25. Rxe5 Rxf2 26. Rxb7 h6 27. Re8 Rf1+ 28. Kg2 Rxe8 29. Kxf1 Rc8 30. a4 a5 31. Ke2 g5 32. Kf3 Rc4 33. b3 Rf4+ 34. Kg3 h5 35. Rb5 h4+ 36. Kh3 Rf3+ 37. Kh2 Rg3 38. Rxa5 Kg7 39. Rb5 Kf6 40. a5 Rd3 41. a6 g4 42. a7 Rd2+ 43. Kg1 Rd1+ 44. Kg2 Ra1 45. Rb4 Ra2+ 46. Kg1 Ra1+ 47. Kg2 Ra2+ 48. Kg1 1/2-1/2

[Event "FIDE World Cup 2023"]
[Site "Baku AZE"]
[Date "2023.08.04"]
[Round "2.6"]
[White "Arjun Erigaisi"]
[Black "Sergei Azarov"]
[Result "1-0"]
[EventDate "2023.07.30"]
[WhiteElo "2710"]
[BlackElo "2589"]
[PlyCount "46"]

1. d4 Nf6 2. Bg5 Ne4 3. Bf4 d5 4. f3 Nf6 5. Nc3 a6 6. e4 e6 7. Qd2 b5 8. e5 Nfd7 9. Bg5 f6 10. exf6 gxf6 11. Bh6 Be7 12. O-O-O c5 13. Re1 b4 14. Nb1 Nc6 15. Rxe6 Nxd4 16. Re1 Ne5 17. Ne2 Bf5 18. Nxd4 cxd4 19. Qxd4 Qc7 20. c3 Kf7 21. f4 Ng4 22. Qxd5+ Kg6 23. Qxf5+ 1-0

[Event "FIDE World Cup 2023"]
[Site "Baku AZE"]
[Date "2023.08.03"]
[Round "2.2"]
[White "Arjun Erigaisi"]
[Black "Sergei Azarov"]
[Result "1/2-1/2"]
[EventDate "2021.07.30"]
[WhiteElo "2710"]
[BlackElo "2589"]
[PlyCount "102"]

1. e4 e5 2. Nf3 Nc6 3. Bb5 a6 4. Ba4 Nf6 5. O-O Be7 6. Re1 b5 7. Bb3 O-O 8. h3 Bb7 9. d3 d6 10. a3 Na5 11. Ba2 c5 12. Nc3 Nc6 13. Bd2 h6 14. Ne2 Bc8 15. Ng3 Be6 16. Bxe6 fxe6 17. b4 Qd7 18. bxc5 dxc5 19. a4 Rfc8 20. axb5 axb5 21. Rxa8 Rxa8 22. Qb1 Rb8 23. Bc3 Bd6 24. Qb2 b4 25. Bd2 Ra8 26. Be3 Qa7 27. Nd2 Qa2 28. Qc1 Na5 29. Qd1 Bf8 30. Ne2 Qb2 31. g4 c4 32. dxc4 Rc8 33. g5 hxg5 34. Bxg5 Be7 35. Ng3 Nxc4 36. Bxf6 Bxf6 37. Nxc4 Rxc4 38. Nh5 Rxc2 39. Nxf6+ gxf6 40. Kh1 Kf8 41. Rg1 Rd2 42. Qh5 Ke7 43. Qh8 Kd6 44. Qf8+ Kc6 45. Qc8+ Kb5 46. Rc1 Ka4 47. Qc6+ Kb3 48. Qxe6+ Ka3 49. Qa6+ Kb3 50. Qc4+ Ka3 51. Qa6+ Kb3 1/2-1/2

[Event "56th Biel GM 2023"]
[Site "Biel SUI"]
[Date "2023.07.26"]
[Round "7.3"]
[White "Arjun Erigaisi"]
[Black "Vincent Keymer"]
[Result "1-0"]
[EventDate "2023.07.18"]
[WhiteElo "2710"]
[BlackElo "2690"]
[PlyCount "174"]

1. e4 e5 2. Nf3 Nc6 3. Bb5 a6 4. Ba4 Nf6 5. O-O Be7 6. Re1 b5 7. Bb3 O-O 8. h3 Bb7 9. d3 d5 10. exd5 Nxd5 11. Nbd2 Qd7 12. a4 Nf4 13. Ne4 Ng6 14. h4 Qg4 15. Bg5 Bxg5 16. hxg5 Rad8 17. axb5 axb5 18. g3 Bc8 19. Nfd2 Qh3 20. c3 Rxd3 21. Qe2 Rfd8 22. Ra8 b4 23. Rea1 Qg4 24. f3 Qh3 25. Nf1 bxc3 26. bxc3 Nd4 27. Bxf7+ Kxf7 28. cxd4 R3xd4 29. R1a7 Be6 30. Rxc7+ Kg8 31. Raa7 R4d7 32. Rxd7 Rxd7 33. Ra8+ Nf8 34. Nc5 Re7 35. Qe4 Qf5 36. Qc6 Bf7 37. Rd8 Qg6 38. Qa8 Be8 39. Qd5+ Kh8 40. Ne4 Qe6 41. Qxe6 Nxe6 42. Rb8 Kg8 43. Ne3 Kf8 44. Nc4 Nd4 45. Kf2 Nc6 46. Rc8 Na7 47. Ra8 Nb5 48. Rb8 Nc7 49. Ncd6 Re6 50. Rc8 Nd5 51. Ke2 h6 52. g6 h5 53. Kf2 h4 54. gxh4 Nf4 55. Rd8 Nxg6 56. Kg3 Nf4 57. Kg4 Nd5 58. h5 Nc7 59. Rc8 Nd5 60. Kg5 Re7 61. Nc5 e4 62. Nd7+ Kg8 63. fxe4 Rxd7 64. Rxe8+ Kh7 65. exd5 Rxd6 66. Re5 Kg8 67. Rf5 g6 68. hxg6 Kg7 69. Kf4 Kxg6 70. Ke4 Rf6 71. Re5 Rf1 72. Kd4 Rc1 73. d6 Ra1 74. Re2 Kf7 75. Kd5 Rc1 76. d7 Rd1+ 77. Kc6 Rc1+ 78. Kd6 Rd1+ 79. Kc7 Rc1+ 80. Kd8 Kf8 81. Rf2+ Kg7 82. Rf5 Kg6 83. Rf4 Kg7 84. Ke7 Re1+ 85. Kd6 Rd1+ 86. Ke6 Rd2 87. Rf5 1-0

[Event "Bullet Chess Championship"]
[Site "Chess.com INT"]
[Date "2023.07.17"]
[Round "6"]
[White "Tuan Minh Le"]
[Black "Erigaisi Arjun"]
[Result "1-0"]
[EventDate "?"]
[WhiteElo "2557"]
[BlackElo "2710"]
[PlyCount "164"]

1. d4 d6 2. Nf3 g6 3. e4 Bg7 4. Bc4 Nf6 5. Qe2 O-O 6. O-O c6 7. Bb3 Bg4 8. Nbd2 Bxf3 9. Nxf3 Nbd7 10. Rd1 Qc7 11. c3 e5 12. Bg5 h6 13. Bxf6 Nxf6 14. dxe5 dxe5 15. Rd2 Rad8 16. Rad1 Rxd2 17. Rxd2 Kh7 18. g3 Nh5 19. h4 Qe7 20. Bc2 Rd8 21. Kg2 Rxd2 22. Qxd2 Nf6 23. Qe3 b5 24. a4 Qc7 25. Qc5 bxa4 26. Bxa4 Nxe4 27. Qxc6 Qxc6 28. Bxc6 Nc5 29. Bd5 f5 30. Nd2 e4 31. Nc4 Bf6 32. Kf1 Kg7 33. Ke2 Kf8 34. Bc6 Ke7 35. Bb5 Nd3 36. Ba4 g5 37. hxg5 hxg5 38. Bc2 Ne5 39. Ne3 f4 40. gxf4 gxf4 41. Nd5+ Ke6 42. Nxf4+ Kf5 43. Nd5 Nc4 44. Ne3+ Nxe3 45. Kxe3 Bg5+ 46. Kd4 Bf6+ 47. Kd5 Bh4 48. Bxe4+ Kf4 49. f3 Bf2 50. Kc4 Ke5 51. Kb5 Kd6 52. b4 Be3 53. c4 Kc7 54. c5 Bd2 55. Kc4 a6 56. Bd3 Kc6 57. Kb3 Kb7 58. Ka4 Bf4 59. Be4+ Ka7 60. b5 axb5+ 61. Kxb5 Kb8 62. Kc6 Kc8 63. Kd5 Kc7 64. c6 Kd8 65. Ke6 Kc7 66. Kf5 Bd6 67. f4 Kd8 68. Kg5 Ke7 69. f5 Kf7 70. Bd5+ Kf8 71. f6 Bc7 72. Kf5 Bd8 73. Ke6 Ke8 74. f7+ Kf8 75. Kd7 Bb6 76. c7 Bxc7 77. Kxc7 Ke7 78. Kc6 Kf8 79. Kd7 Kg7 80. Ke7 Kh6 81. f8=Q+ Kg5 82. Qf6+ 1-0

[Event "Bullet Chess Championship"]
[Site "Chess.com INT"]
[Date "2023.07.17"]
[Round "6"]
[White "Erigaisi Arjun"]
[Black "Tuan Minh Le"]
[Result "0-1"]
[EventDate "?"]
[WhiteElo "2710"]
[BlackElo "2557"]
[PlyCount "84"]

1. Nf3 d5 2. g3 Nf6 3. Bg2 g6 4. O-O Bg7 5. c4 c6 6. d4 O-O 7. b3 a5 8. Nc3 Bg4 9. Bb2 Bxf3 10. Bxf3 e6 11. Qd3 Nbd7 12. Rfd1 Re8 13. e3 Qc7 14. Kg2 Qb6 15. Qe2 Rad8 16. h4 Qa6 17. Rd2 h5 18. Rad1 Nb6 19. c5 Qxe2 20. Bxe2 Nbd7 21. a3 e5 22. b4 axb4 23. axb4 exd4 24. exd4 Nf8 25. b5 Ne6 26. Bf3 Ra8 27. Re1 Nd7 28. Red1 Bf6 29. Ne2 Kg7 30. Nc1 Ra4 31. Ne2 Rb4 32. bxc6 bxc6 33. Bc3 Rb3 34. Ra2 Ndxc5 35. dxc5 Bxc3 36. Rd3 Nxc5 37. Rxc3 Rxe2 38. Rxb3 Rxa2 39. Rc3 Ra5 40. g4 hxg4 41. Bxg4 Kf6 42. Kg3 Ne4+ 0-1

[Event "Bullet Chess Championship"]
[Site "Chess.com INT"]
[Date "2023.07.17"]
[Round "6"]
[White "Tuan Minh Le"]
[Black "Erigaisi Arjun"]
[Result "1-0"]
[EventDate "?"]
[WhiteElo "2557"]
[BlackElo "2710"]
[PlyCount "50"]

1. Nf3 e6 2. b3 c5 3. Bb2 Nf6 4. e3 Nc6 5. Be2 d5 6. O-O Bd6 7. d4 O-O 8. Nbd2 Qe7 9. c4 b6 10. cxd5 exd5 11. Rc1 Bb7 12. Qc2 Rac8 13. Qb1 h6 14. h3 Rfd8 15. Rfe1 Bb8 16. Bd3 Nb4 17. Bf5 Rc7 18. dxc5 bxc5 19. Be5 Rc6 20. Bxb8 Rxb8 21. a3 Na6 22. Bd3 Rb6 23. Qa1 Nc7 24. Qe5 Ne6 25. Qxb8+ 1-0

[Event "Bullet Chess Championship"]
[Site "Chess.com INT"]
[Date "2023.07.17"]
[Round "6"]
[White "Erigaisi Arjun"]
[Black "Tuan Minh Le"]
[Result "0-1"]
[EventDate "?"]
[WhiteElo "2710"]
[BlackElo "2557"]
[PlyCount "66"]

1. e4 d5 2. exd5 Qxd5 3. Nf3 Qd8 4. d4 Nf6 5. Bc4 Bf5 6. Ne5 e6 7. O-O Nbd7 8. Nc3 c6 9. Qf3 Nxe5 10. dxe5 Nd7 11. Re1 Be7 12. Qg3 O-O 13. Bf4 Bh4 14. Qf3 Bg5 15. Ne4 Bxf4 16. Qxf4 Bxe4 17. Rxe4 Qc7 18. Rae1 Rad8 19. Qg3 Nb6 20. Bd3 g6 21. h4 Nd5 22. h5 Ne7 23. Rh4 Nf5 24. Bxf5 exf5 25. Qg5 Rfe8 26. Rh3 Rd7 27. g3 Rxe5 28. Rf1 Qd8 29. Qf4 Qe7 30. Qh6 Re1 31. hxg6 Rxf1+ 32. Kxf1 Rd1+ 33. Kg2 Qe4+ 0-1

[Event "Bullet Chess Championship"]
[Site "Chess.com INT"]
[Date "2023.07.17"]
[Round "6"]
[White "Tuan Minh Le"]
[Black "Erigaisi Arjun"]
[Result "0-1"]
[EventDate "?"]
[WhiteElo "2557"]
[BlackElo "2710"]
[PlyCount "92"]

1. d4 e6 2. e3 d5 3. Nf3 Nf6 4. Bd3 Bd6 5. Nbd2 O-O 6. O-O b6 7. e4 dxe4 8. Nxe4 Bb7 9. Nxd6 cxd6 10. Re1 Nbd7 11. Bg5 a6 12. Bh4 b5 13. a4 b4 14. a5 Qc7 15. Bg3 Rab8 16. Qe2 Qc6 17. Rad1 Nd5 18. h3 N7f6 19. Qf1 Rfc8 20. Nd2 Ne7 21. Nc4 Rd8 22. Nb6 Ned5 23. Nc4 h6 24. Bh2 Qc7 25. Ra1 Bc6 26. Nd2 Bb5 27. Red1 Rdc8 28. Rdc1 Bxd3 29. Qxd3 Rb5 30. Ne4 Nxe4 31. Qxe4 Qc6 32. Qd3 Nf6 33. Bf4 Rf5 34. Bd2 Ne4 35. Bxb4 Rxf2 36. Be1 Rf5 37. c4 Nf6 38. b4 Qb7 39. b5 Rg5 40. Rc2 axb5 41. Rb2 bxc4 42. Rxb7 cxd3 43. a6 Rc2 44. a7 Rcxg2+ 45. Kf1 Ne4 46. a8=Q+ Kh7 0-1

[Event "Bullet Chess Championship"]
[Site "Chess.com INT"]
[Date "2023.07.17"]
[Round "6"]
[White "Erigaisi Arjun"]
[Black "Tuan Minh Le"]
[Result "0-1"]
[EventDate "?"]
[WhiteElo "2710"]
[BlackElo "2557"]
[PlyCount "70"]

1. Nf3 d5 2. c4 c6 3. e3 Nf6 4. Nc3 a6 5. Be2 e6 6. O-O Bd6 7. b3 Nbd7 8. Bb2 O-O 9. Qc2 Qe7 10. Rfe1 Re8 11. Rad1 e5 12. d3 Nf8 13. Bf1 Ng6 14. h3 h6 15. Qc1 Be6 16. a3 Rad8 17. b4 Rc8 18. c5 Bb8 19. a4 a5 20. Ba3 axb4 21. Bxb4 e4 22. dxe4 dxe4 23. Nd4 Qc7 24. g3 Ne5 25. Qc2 Bd5 26. Bg2 Nf3+ 27. Nxf3 exf3 28. Bf1 h5 29. h4 Qd7 30. e4 Qg4 31. exd5 Bxg3 32. Rxe8+ Rxe8 33. fxg3 Qxg3+ 34. Kh1 Ng4 35. d6 f2 0-1